[Event "XtraCon-Skakligaen"]
[Site "Denmark"]
[Date "2010.03.14"]
[Round "9.7"]
[White "Rewitz, Poul"]
[Black "Naes, Flovin Tor"]
[Result "1-0"]
[WhiteElo "2298"]
[BlackElo "2262"]
[PlyCount "91"]
[EventDate "2009.11.07"]
[EventType "team-tourn"]
[EventRounds "9"]
[WhiteTeam "Aarhus/skolerne"]
[BlackTeam "K41"]
[WhiteTeamCountry "DEN"]
[BlackTeamCountry "DEN"]

1. d4 d5 2. c4 dxc4 3. e3 e6 4. Bxc4 Nf6 5. Nf3 c5 6. O-O a6 7. a4 Nc6 8. Qe2
cxd4 9. Rd1 Be7 10. exd4 O-O 11. Nc3 Nb4 12. Bf4 Nbd5 13. Bg3 Qa5 14. Nxd5 Nxd5
15. Ne5 f6 16. Nd3 Bd7 17. Nf4 Nxf4 18. Bxf4 Qf5 19. Bc7 Rfe8 20. g4 Qg6 21.
Bxe6+ Bxe6 22. Qxe6+ Kh8 23. Qf5 Qxf5 24. gxf5 Rac8 25. Rac1 Bd8 26. Bf4 Bb6
27. Kg2 Rxc1 28. Bxc1 Re2 29. Bd2 Kg8 30. Kf3 Re8 31. Be3 Rc8 32. Rd3 Ba5 33.
Rb3 Rc7 34. Ke4 Kf7 35. d5 Ke8 36. d6 Rc4+ 37. Kd5 Rxa4 38. Rxb7 Bd8 39. b4 a5
40. b5 Rb4 41. d7+ Kf7 42. Rb8 Be7 43. Bc5 Rb1 44. Bxe7 Rd1+ 45. Kc6 Kxe7 46.
Re8+ 1-0

[Event "XtraCon-Skakligaen"]
[Site "Denmark"]
[Date "2010.03.14"]
[Round "9.8"]
[White "Christensen, Bo Garner"]
[Black "Rendboe, John Filip"]
[Result "1/2-1/2"]
[WhiteElo "2280"]
[BlackElo "2247"]
[PlyCount "63"]
[EventDate "2009.11.07"]
[EventType "team-tourn"]
[EventRounds "9"]
[WhiteTeam "K41"]
[BlackTeam "Aarhus/skolerne"]
[WhiteTeamCountry "DEN"]
[BlackTeamCountry "DEN"]

1. e4 c5 2. d4 cxd4 3. c3 dxc3 4. Nxc3 Nc6 5. Nf3 d6 6. Bc4 e6 7. O-O Be7 8.
Qe2 Nf6 9. Rd1 e5 10. h3 O-O 11. Be3 a6 12. a4 Bd7 13. Rac1 Rc8 14. Bd5 Rb8 15.
Nd2 Nd4 16. Qd3 Nxd5 17. Nxd5 Bxa4 18. Bxd4 exd4 19. b3 Bc6 20. Qxd4 Bxd5 21.
Qxd5 Qb6 22. Rc3 h6 23. Nc4 Qb4 24. Rcd3 Rbc8 25. Nxd6 Bxd6 26. Qxd6 Qxe4 27.
Qb6 Qc6 28. Qb4 Rfe8 29. Rd6 Qe4 30. Qb6 Rc6 31. Rxc6 Qxc6 32. Qxc6 1/2-1/2

[Event "XtraCon-Skakligaen"]
[Site "Denmark"]
[Date "2010.03.14"]
[Round "9.1"]
[White "Pedersen, Daniel V"]
[Black "Hillarp Persson, Tiger"]
[Result "0-1"]
[WhiteElo "2303"]
[BlackElo "2576"]
[PlyCount "54"]
[EventDate "2009.11.07"]
[EventType "team-tourn"]
[EventRounds "9"]
[WhiteTeam "Aalborg"]
[BlackTeam "Bronshoj"]
[WhiteTeamCountry "DEN"]
[BlackTeamCountry "DEN"]

1. e4 d6 2. d4 Nf6 3. Nc3 g6 4. Nf3 Bg7 5. Bf4 O-O 6. h3 c6 7. e5 dxe5 8. dxe5
Nd5 9. Nxd5 cxd5 10. Qd2 Nc6 11. O-O-O Bf5 12. Bd3 Bxd3 13. Qxd3 e6 14. h4 f6
15. Rde1 fxe5 16. Bxe5 Rxf3 17. Qxf3 Nxe5 18. Qg3 Qf6 19. h5 Rc8 20. hxg6 hxg6
21. Qh3 Kf7 22. Qb3 Rc7 23. Re2 Nc4 24. c3 Qg5+ 25. f4 Qxf4+ 26. Kc2 Qf5+ 27.
Kc1 Bh6+ 0-1

[Event "XtraCon-Skakligaen"]
[Site "Denmark"]
[Date "2010.03.14"]
[Round "9.3"]
[White "Nielsen, Jorgen G"]
[Black "Hoi, Carsten"]
[Result "0-1"]
[WhiteElo "2171"]
[BlackElo "2393"]
[PlyCount "46"]
[EventDate "2009.11.07"]
[EventType "team-tourn"]
[EventRounds "9"]
[WhiteTeam "Aalborg"]
[BlackTeam "Bronshoj"]
[WhiteTeamCountry "DEN"]
[BlackTeamCountry "DEN"]

1. e4 g6 2. d4 Bg7 3. c3 d6 4. f4 Nd7 5. Nf3 c5 6. Bd3 cxd4 7. cxd4 e5 8. fxe5
dxe5 9. Bc4 Nh6 10. O-O O-O 11. dxe5 Ng4 12. Qb3 Ndxe5 13. Nxe5 Qd4+ 14. Kh1
Nxe5 15. Bd5 Nd3 16. Nc3 Nf2+ 17. Rxf2 Qxf2 18. Bg5 Be5 19. Rg1 Bg4 20. Nd1 Qb6
21. Ne3 Qxb3 22. axb3 Be6 23. Nc4 Bc7 0-1

[Event "XtraCon-Skakligaen"]
[Site "Denmark"]
[Date "2010.03.14"]
[Round "9.6"]
[White "Bekker Jensen, David"]
[Black "Hansen, John Nyholm"]
[Result "1/2-1/2"]
[WhiteElo "2343"]
[BlackElo "2089"]
[PlyCount "67"]
[EventDate "2009.11.07"]
[EventType "team-tourn"]
[EventRounds "9"]
[WhiteTeam "Bronshoj"]
[BlackTeam "Aalborg"]
[WhiteTeamCountry "DEN"]
[BlackTeamCountry "DEN"]

1. d4 Nf6 2. c4 e6 3. Nc3 Bb4 4. e3 b6 5. Nge2 Ba6 6. Ng3 Bxc3+ 7. bxc3 d5 8.
cxd5 Bxf1 9. Kxf1 exd5 10. Ba3 Qd7 11. Rc1 Qb5+ 12. Qe2 Qa4 13. Qb2 a6 14. Qb3
Qb5+ 15. c4 dxc4 16. Qxc4 Nbd7 17. Ke2 g6 18. Rhd1 h5 19. h4 O-O-O 20. Qxb5
axb5 21. Rc6 Kb7 22. Rdc1 Rc8 23. e4 Rhe8 24. Kf3 Re6 25. R6c2 c5 26. Bb2 Ree8
27. dxc5 bxc5 28. Bxf6 Nxf6 29. Rxc5 Rxc5 30. Rxc5 Kb6 31. Rc2 Nd7 32. Kf4 Nc5
33. e5 Nd3+ 34. Ke4 1/2-1/2

[Event "XtraCon-Skakligaen"]
[Site "Denmark"]
[Date "2010.03.14"]
[Round "9.7"]
[White "Sonderstrup, Bjarne"]
[Black "Brinck Claussen, Bjorn"]
[Result "1/2-1/2"]
[WhiteElo "2094"]
[BlackElo "2300"]
[PlyCount "64"]
[EventDate "2009.11.07"]
[EventType "team-tourn"]
[EventRounds "9"]
[WhiteTeam "Aalborg"]
[BlackTeam "Bronshoj"]
[WhiteTeamCountry "DEN"]
[BlackTeamCountry "DEN"]

1. c4 Nf6 2. g3 e5 3. Bg2 d5 4. cxd5 Nxd5 5. Nc3 Nb6 6. Nf3 Nc6 7. O-O Be7 8.
d3 O-O 9. a3 Re8 10. b4 Bf8 11. Bb2 a5 12. b5 Nd4 13. Nd2 a4 14. e3 Ne6 15. Nc4
Nxc4 16. dxc4 Nc5 17. Qxd8 Rxd8 18. Nd5 Bd6 19. Rfd1 Bf5 20. Bc3 Bc2 21. Rd2
Bg6 22. Rad1 Ne4 23. Bxe4 Bxe4 24. c5 Bxc5 25. Nf6+ gxf6 26. Rxd8+ Rxd8 27.
Rxd8+ Kg7 28. Bb2 b6 29. Kf1 Bd6 30. Ke2 Bd5 31. Kd3 Bg2 32. Ke2 Bd5 1/2-1/2

[Event "XtraCon-Skakligaen"]
[Site "Denmark"]
[Date "2010.03.14"]
[Round "9.8"]
[White "Palm, Nikolaj"]
[Black "Kovshoj, Sune"]
[Result "1-0"]
[WhiteElo "2276"]
[BlackElo "2037"]
[PlyCount "63"]
[EventDate "2009.11.07"]
[EventType "team-tourn"]
[EventRounds "9"]
[WhiteTeam "Bronshoj"]
[BlackTeam "Aalborg"]
[WhiteTeamCountry "DEN"]
[BlackTeamCountry "DEN"]

1. d4 c5 2. e3 e6 3. Nf3 Nf6 4. Bd3 Nc6 5. O-O d5 6. b3 a6 7. Bb2 b5 8. a4 c4
9. axb5 Na5 10. Be2 axb5 11. Ne5 Bd7 12. Nd2 Bd6 13. f4 O-O 14. Bf3 Qc7 15.
bxc4 bxc4 16. Bc3 Rfb8 17. g4 Be8 18. g5 Nd7 19. e4 Rb5 20. Qe2 Rab8 21. Rxa5
Rxa5 22. Bxa5 Qxa5 23. Nc6 Qb6 24. exd5 Nf8 25. Nxc4 Qb7 26. Nxb8 Qxb8 27. Nxd6
Qxd6 28. Bg2 Qb4 29. c4 Bd7 30. Qd3 Ng6 31. c5 Bb5 32. Rb1 1-0

[Event "XtraCon-Skakligaen"]
[Site "Denmark"]
[Date "2010.03.14"]
[Round "9.1"]
[White "Matthiesen, Arne"]
[Black "Hector, Jonny"]
[Result "0-1"]
[WhiteElo "2322"]
[BlackElo "2572"]
[PlyCount "62"]
[EventDate "2009.11.07"]
[EventType "team-tourn"]
[EventRounds "9"]
[WhiteTeam "SK1968"]
[BlackTeam "Nordkalotten"]
[WhiteTeamCountry "DEN"]
[BlackTeamCountry "DEN"]

1. d4 d5 2. c4 c6 3. Nc3 e5 4. cxd5 cxd5 5. e4 dxe4 6. Bb5+ Bd7 7. dxe5 Bb4 8.
Bd2 Bxc3 9. Bxd7+ Nxd7 10. Bxc3 Nc5 11. Nh3 Nd3+ 12. Kf1 Qd5 13. Ng5 Rd8 14.
Qg4 Nc5 15. e6 Nh6 16. exf7+ Kf8 17. Qf4 Qd3+ 18. Ke1 Qxc3+ 19. bxc3 Nd3+ 20.
Kf1 Nxf4 21. g3 Nd3 22. Ne6+ Kxf7 23. Nxd8+ Rxd8 24. Rb1 b6 25. Ke2 Ng4 26. f3
exf3+ 27. Kxf3 Nde5+ 28. Kf4 Rc8 29. Rhe1 Kf6 30. Ke4 Ke6 31. Rb4 Rxc3 0-1

[Event "XtraCon-Skakligaen"]
[Site "Denmark"]
[Date "2010.03.14"]
[Round "9.2"]
[White "Brynell, Stellan"]
[Black "Matthiesen, Martin"]
[Result "0-1"]
[WhiteElo "2472"]
[BlackElo "2295"]
[PlyCount "74"]
[EventDate "2009.11.07"]
[EventType "team-tourn"]
[EventRounds "9"]
[WhiteTeam "Nordkalotten"]
[BlackTeam "SK1968"]
[WhiteTeamCountry "DEN"]
[BlackTeamCountry "DEN"]

1. d4 Nf6 2. Nf3 e6 3. c4 b6 4. g3 Ba6 5. b3 c6 6. Bg2 d5 7. Nbd2 Nbd7 8. O-O
Be7 9. Qc2 Bb7 10. e4 dxe4 11. Nxe4 c5 12. Nxf6+ Bxf6 13. Bb2 cxd4 14. Nxd4
Bxg2 15. Kxg2 O-O 16. Rad1 Qc7 17. Qe4 a6 18. Rd2 Rac8 19. h4 Nc5 20. Qf3 Rfd8
21. Rfd1 e5 22. Nf5 e4 23. Qg4 Bxb2 24. Rxb2 Qe5 25. Rbd2 Nd3 26. Re2 g6 27.
Rxd3 Rxd3 28. Nh6+ Kg7 29. Qxc8 Kxh6 30. Qf8+ Qg7 31. Qe7 Qc3 32. Qxf7 Rf3 33.
Qc7 Rf5 34. g4 Qf3+ 35. Kg1 Qxg4+ 36. Kf1 Qxh4 37. Ke1 e3 0-1

[Event "XtraCon-Skakligaen"]
[Site "Denmark"]
[Date "2010.03.14"]
[Round "9.3"]
[White "Hansen, Lars"]
[Black "Ahlander, Bjorn"]
[Result "0-1"]
[WhiteElo "2209"]
[BlackElo "2419"]
[PlyCount "56"]
[EventDate "2009.11.07"]
[EventType "team-tourn"]
[EventRounds "9"]
[WhiteTeam "SK1968"]
[BlackTeam "Nordkalotten"]
[WhiteTeamCountry "DEN"]
[BlackTeamCountry "DEN"]

1. e4 c5 2. d3 Nc6 3. g3 d5 4. Nd2 Nf6 5. Bg2 e6 6. Ngf3 Be7 7. O-O dxe4 8.
dxe4 O-O 9. Re1 b6 10. e5 Nd5 11. Ne4 Ba6 12. b3 Qc7 13. c4 Ndb4 14. Qe2 Rad8
15. Bg5 Bxg5 16. Nexg5 h6 17. Qe4 g6 18. Nxe6 fxe6 19. Qxg6+ Qg7 20. Qxe6+ Kh8
21. Nh4 Rfe8 22. Ng6+ Kh7 23. Qg4 Rd4 24. Be4 Rxe4 25. Qxe4 Qxg6 26. f4 Qxe4
27. Rxe4 Nd4 28. Kf2 Bb7 0-1

[Event "XtraCon-Skakligaen"]
[Site "Denmark"]
[Date "2010.03.14"]
[Round "9.4"]
[White "Hove, Esben Kjems"]
[Black "Hansen, Bjarne"]
[Result "1/2-1/2"]
[WhiteElo "2269"]
[BlackElo "2248"]
[PlyCount "97"]
[EventDate "2009.11.07"]
[EventType "team-tourn"]
[EventRounds "9"]
[WhiteTeam "Nordkalotten"]
[BlackTeam "SK1968"]
[WhiteTeamCountry "DEN"]
[BlackTeamCountry "DEN"]

1. d4 Nf6 2. c4 c5 3. d5 b5 4. cxb5 a6 5. bxa6 g6 6. Nc3 Bxa6 7. e4 Bxf1 8.
Kxf1 d6 9. Nge2 Bg7 10. f3 Qc8 11. b3 O-O 12. Bd2 Nfd7 13. Rc1 Ne5 14. a4 Na6
15. Nb5 Nd3 16. Rc2 Nab4 17. Bxb4 Nxb4 18. Rc4 Qb7 19. g3 Ra6 20. Kg2 Rb6 21.
Qd2 Rb8 22. Nc1 Ra8 23. Re1 Na6 24. Nd3 Nc7 25. Nxc7 Qxc7 26. b4 Rxa4 27. Rec1
Rb5 28. bxc5 Rxc4 29. Rxc4 dxc5 30. Qc2 Qa5 31. Rxc5 Rxc5 32. Nxc5 Qc7 33. Qc4
Be5 34. Qc1 Bb2 35. Qxb2 Qxc5 36. h4 h5 37. Qd2 Qc7 38. f4 f6 39. Qe2 Qc5 40.
Qd3 Qd6 41. Qd4 Qa6 42. Kf2 Qa2+ 43. Kf3 Qb3+ 44. Qe3 Qd1+ 45. Qe2 Qh1+ 46. Ke3
Qg1+ 47. Qf2 Qc1+ 48. Kd3 Qb1+ 49. Ke3 1/2-1/2

[Event "XtraCon-Skakligaen"]
[Site "Denmark"]
[Date "2010.03.14"]
[Round "9.5"]
[White "Nielsen, Soren Holst"]
[Black "Kristensen, Kaare Hove"]
[Result "1-0"]
[WhiteElo "2214"]
[BlackElo "2258"]
[PlyCount "71"]
[EventDate "2009.11.07"]
[EventType "team-tourn"]
[EventRounds "9"]
[WhiteTeam "SK1968"]
[BlackTeam "Nordkalotten"]
[WhiteTeamCountry "DEN"]
[BlackTeamCountry "DEN"]

1. e4 c5 2. Nf3 d6 3. g3 Nc6 4. Bg2 g6 5. O-O Bg7 6. Re1 Bg4 7. h3 Bxf3 8. Qxf3
e6 9. c3 Nge7 10. d3 b5 11. Bg5 h6 12. Be3 b4 13. Qe2 O-O 14. Qd2 Kh7 15. f4
Rb8 16. d4 bxc3 17. bxc3 cxd4 18. cxd4 d5 19. e5 Nf5 20. Bf2 Rb4 21. Na3 Nfxd4
22. Rab1 Rxb1 23. Rxb1 Qe7 24. Qd3 Rc8 25. Kh2 Bf8 26. Nb5 Nxb5 27. Rxb5 Nb4
28. Qb3 a6 29. Rb6 Rc7 30. a3 Nc2 31. Rxa6 Nxa3 32. Rb6 Nc4 33. Rb8 Kg7 34. Qb5
Qd7 35. Qa6 Ra7 36. Qxa7 1-0

[Event "XtraCon-Skakligaen"]
[Site "Denmark"]
[Date "2010.03.14"]
[Round "9.6"]
[White "Jakobsen, Peter"]
[Black "Zaksaite, Salomeja"]
[Result "1-0"]
[WhiteElo "2225"]
[BlackElo "2201"]
[PlyCount "57"]
[EventDate "2009.11.07"]
[EventType "team-tourn"]
[EventRounds "9"]
[WhiteTeam "Nordkalotten"]
[BlackTeam "SK1968"]
[WhiteTeamCountry "DEN"]
[BlackTeamCountry "DEN"]

1. d4 Nf6 2. c4 g6 3. Nc3 d5 4. cxd5 Nxd5 5. e4 Nxc3 6. bxc3 Bg7 7. Bc4 c5 8.
Ne2 cxd4 9. cxd4 O-O 10. O-O Nc6 11. Be3 Bg4 12. f3 Na5 13. Bd3 Be6 14. Rc1
Bxa2 15. Qa4 Be6 16. d5 f5 17. Nd4 Bd7 18. Bb5 Bxb5 19. Nxb5 f4 20. Nc7 b5 21.
Qxb5 Rb8 22. Qxa5 fxe3 23. Qxa7 e2 24. Rfe1 Bh6 25. Rc2 Qd7 26. Qa2 Be3+ 27.
Kh1 e5 28. dxe6 Qd1 29. Rcxe2 1-0

[Event "XtraCon-Skakligaen"]
[Site "Denmark"]
[Date "2010.03.14"]
[Round "9.7"]
[White "Riis, Jens"]
[Black "Ejsing, Esben"]
[Result "1/2-1/2"]
[WhiteElo "2152"]
[BlackElo "2141"]
[PlyCount "108"]
[EventDate "2009.11.07"]
[EventType "team-tourn"]
[EventRounds "9"]
[WhiteTeam "SK1968"]
[BlackTeam "Nordkalotten"]
[WhiteTeamCountry "DEN"]
[BlackTeamCountry "DEN"]

1. d4 g6 2. Nf3 Bg7 3. Bg5 d6 4. c3 Nd7 5. e4 c6 6. Nbd2 Qc7 7. Be2 Ngf6 8. O-O
O-O 9. Re1 Re8 10. Bf1 h6 11. Bh4 g5 12. Bg3 Nh5 13. Qc2 Nxg3 14. hxg3 Nf8 15.
e5 Bg4 16. Nh2 Bd7 17. f4 c5 18. Qe4 cxd4 19. cxd4 dxe5 20. fxe5 f5 21. Qe3 Be6
22. Rac1 Qb6 23. Bc4 Red8 24. Nb3 Bd5 25. Bxd5+ Rxd5 26. g4 f4 27. Qf2 Rad8 28.
Nf3 Qe6 29. Nc5 Qxg4 30. Nxb7 Rb8 31. Nc5 Qh5 32. Nh2 Qg6 33. Red1 Qb6 34. Na4
Qb4 35. Nc3 Rd7 36. Rc2 Ne6 37. Rcd2 Nc7 38. Qf3 Rbd8 39. Qe4 Ne6 40. d5 Qxe4
41. Nxe4 Nc7 42. d6 exd6 43. exd6 Ne8 44. b4 Rb7 45. a3 Rb5 46. Nc5 Bf8 47. d7
Nc7 48. Ng4 a5 49. Re2 axb4 50. axb4 Rxb4 51. Ne6 Nxe6 52. Rxe6 Kf7 53. Rc6 Bg7
54. Nxh6+ Bxh6 1/2-1/2

[Event "XtraCon-Skakligaen"]
[Site "Denmark"]
[Date "2010.03.14"]
[Round "9.1"]
[White "Aabling Thomsen, Jakob"]
[Black "Schandorff, Lars"]
[Result "0-1"]
[WhiteElo "2312"]
[BlackElo "2501"]
[PlyCount "72"]
[EventDate "2009.11.07"]
[EventType "team-tourn"]
[EventRounds "9"]
[WhiteTeam "Norresundby"]
[BlackTeam "Sydostfyn"]
[WhiteTeamCountry "DEN"]
[BlackTeamCountry "DEN"]

1. e4 c6 2. d4 d5 3. e5 Bf5 4. Nc3 e6 5. g4 Bg6 6. Nge2 c5 7. h4 h5 8. Nf4 Bh7
9. Nxh5 Nc6 10. Bb5 cxd4 11. Qxd4 Nge7 12. Bg5 a6 13. Bxc6+ Nxc6 14. Qf4 Qa5
15. O-O-O Nb4 16. Rd4 Nxc2 17. Ra4 Qc5 18. Rd1 b5 19. a3 Qc6 20. Rad4 Nxd4 21.
Rxd4 Bg6 22. Qf3 Rc8 23. Kd2 a5 24. Ke1 b4 25. axb4 axb4 26. Ne2 Qc2 27. Nhf4
Bc5 28. Qg3 Qxb2 29. Rd1 Qa3 30. Nd3 Be7 31. Bc1 Bxh4 32. Qe3 Qa5 33. Bd2 Bg5
34. f4 Rh1+ 35. Ng1 Bh4+ 36. Kf1 Qb5 0-1

[Event "XtraCon-Skakligaen"]
[Site "Denmark"]
[Date "2010.03.14"]
[Round "9.5"]
[White "Kolbak, Jens"]
[Black "Nordenbaek, Jan"]
[Result "1/2-1/2"]
[WhiteElo "2344"]
[BlackElo "2210"]
[PlyCount "22"]
[EventDate "2009.11.07"]
[EventType "team-tourn"]
[EventRounds "9"]
[WhiteTeam "Norresundby"]
[BlackTeam "Sydostfyn"]
[WhiteTeamCountry "DEN"]
[BlackTeamCountry "DEN"]

1. f4 e5 2. fxe5 d6 3. exd6 Bxd6 4. Nf3 Nf6 5. Nc3 O-O 6. g3 Nc6 7. Bg2 Re8 8.
O-O Bg4 9. b3 Qd7 10. Bb2 a6 11. e3 Rad8 1/2-1/2

[Event "XtraCon-Skakligaen"]
[Site "Denmark"]
[Date "2010.03.14"]
[Round "9.7"]
[White "Christiansen, Jens Jorgen"]
[Black "Nielsen, Niels Peter"]
[Result "1/2-1/2"]
[WhiteElo "2197"]
[BlackElo "2184"]
[PlyCount "31"]
[EventDate "2009.11.07"]
[EventType "team-tourn"]
[EventRounds "9"]
[WhiteTeam "Norresundby"]
[BlackTeam "Sydostfyn"]
[WhiteTeamCountry "DEN"]
[BlackTeamCountry "DEN"]

1. d4 Nf6 2. c4 c6 3. Nc3 d5 4. Nf3 a6 5. cxd5 cxd5 6. Bf4 Nc6 7. e3 e6 8. Be2
Bd6 9. Bxd6 Qxd6 10. O-O O-O 11. a3 e5 12. dxe5 Nxe5 13. Nxe5 Qxe5 14. Qd4 Qxd4
15. exd4 Bf5 16. Bf3 1/2-1/2

[Event "XtraCon-Skakligaen"]
[Site "Denmark"]
[Date "2010.03.14"]
[Round "9.8"]
[White "Hansen, Ib Lynaes"]
[Black "Nielsen, John Bauneborg"]
[Result "0-1"]
[WhiteElo "1920"]
[BlackElo "2171"]
[PlyCount "54"]
[EventDate "2009.11.07"]
[EventType "team-tourn"]
[EventRounds "9"]
[WhiteTeam "Sydostfyn"]
[BlackTeam "Norresundby"]
[WhiteTeamCountry "DEN"]
[BlackTeamCountry "DEN"]

1. e4 c5 2. Nf3 Nc6 3. d4 cxd4 4. Nxd4 e5 5. Nf5 d5 6. Ng3 Nf6 7. exd5 Nxd5 8.
Be2 Be6 9. O-O Be7 10. a3 O-O 11. Re1 Qc7 12. Bd2 Rad8 13. Qc1 Nd4 14. Bd3 f5
15. Nc3 a6 16. Nxd5 Rxd5 17. Be3 e4 18. Bf1 Bf6 19. Bxd4 Bxd4 20. Re2 Rfd8 21.
c3 Be5 22. Qc2 Rd3 23. Rae1 Qf7 24. Nxe4 fxe4 25. Rxe4 Rd2 26. Qa4 Qxf2+ 27.
Kh1 Rf8 0-1

[Event "XtraCon-Skakligaen"]
[Site "Denmark"]
[Date "2010.03.14"]
[Round "9.2"]
[White "Jorgensen, Brian Jorgen"]
[Black "Glud, Jakob Vang"]
[Result "0-1"]
[WhiteElo "2267"]
[BlackElo "2481"]
[PlyCount "81"]
[EventDate "2009.11.07"]
[EventType "team-tourn"]
[EventRounds "9"]
[WhiteTeam "Naestved"]
[BlackTeam "Jetsmark"]
[WhiteTeamCountry "DEN"]
[BlackTeamCountry "DEN"]

1. d4 Nf6 2. Nf3 e6 3. Bf4 b6 4. Nbd2 Bb7 5. e3 Be7 6. h3 O-O 7. Bd3 c5 8. c3
Nc6 9. a3 d6 10. Qe2 Re8 11. e4 cxd4 12. cxd4 Nd7 13. Be3 Rc8 14. O-O Rc7 15.
b4 Qa8 16. Nb3 Rec8 17. Bd2 a5 18. b5 Ncb8 19. a4 Nf6 20. Rfe1 Nbd7 21. Bf4 Rc3
22. Nbd2 Nf8 23. Bh2 N6d7 24. e5 dxe5 25. Bxe5 Bb4 26. Red1 Ng6 27. Bg3 Nf6 28.
Nc4 Bxf3 29. gxf3 Nd5 30. Bxg6 hxg6 31. Ne5 Bd6 32. Nc6 Bxg3 33. fxg3 R3xc6 34.
bxc6 Nc3 35. Qd2 Nxd1 36. Rc1 Rxc6 37. Rxc6 Qxc6 38. Qxd1 b5 39. axb5 Qxb5 40.
h4 a4 41. Qc1 0-1

[Event "XtraCon-Skakligaen"]
[Site "Denmark"]
[Date "2010.03.14"]
[Round "9.3"]
[White "Pedersen, Christian Kyndel"]
[Black "Olsen, Nils Linde"]
[Result "0-1"]
[WhiteElo "2452"]
[BlackElo "2256"]
[PlyCount "110"]
[EventDate "2009.11.07"]
[EventType "team-tourn"]
[EventRounds "9"]
[WhiteTeam "Jetsmark"]
[BlackTeam "Naestved"]
[WhiteTeamCountry "DEN"]
[BlackTeamCountry "DEN"]

1. e4 c5 2. Nf3 Nc6 3. d4 cxd4 4. Nxd4 Nf6 5. Nc3 d6 6. Bg5 e6 7. Qd2 Be7 8.
O-O-O O-O 9. f4 Nxd4 10. Qxd4 Qa5 11. Bc4 Bd7 12. e5 dxe5 13. fxe5 Bc6 14. Bd2
Nd7 15. Nd5 Qd8 16. Nxe7+ Qxe7 17. Rde1 Qc5 18. Qf4 Rac8 19. Bd3 a5 20. c3 Qd5
21. Bb1 Nc5 22. Re3 f5 23. exf6 Rxf6 24. Qh4 Rh6 25. Qg3 Rh5 26. Re2 Bb5 27.
Rf2 Nd3+ 28. Bxd3 Bxd3 29. Qf3 Bg6 30. Qxd5 exd5 31. Be3 Be4 32. h3 Rf5 33.
Rxf5 Bxf5 34. Bd4 Be4 35. Re1 a4 36. Kd2 b5 37. Be5 Rf8 38. Ke3 g6 39. g3 Rf3+
40. Ke2 Kf7 41. h4 Ke6 42. Bf4 a3 43. b4 Rxc3 44. Rc1 d4 45. Rxc3 dxc3 46. Bc1
Kd5 47. Bxa3 Kc4 48. g4 Bb1 49. Kd1 Bxa2 50. Kc2 Bb3+ 51. Kb1 Bd1 52. g5 Kb3
53. Bc1 Kxb4 54. Bf4 Kc4 55. Kc1 Bg4 0-1

[Event "XtraCon-Skakligaen"]
[Site "Denmark"]
[Date "2010.03.14"]
[Round "9.5"]
[White "Christensen, Stefan"]
[Black "Schyberg, Brian"]
[Result "1-0"]
[WhiteElo "2228"]
[BlackElo "2126"]
[PlyCount "59"]
[EventDate "2009.11.07"]
[EventType "team-tourn"]
[EventRounds "9"]
[WhiteTeam "Jetsmark"]
[BlackTeam "Naestved"]
[WhiteTeamCountry "DEN"]
[BlackTeamCountry "DEN"]

1. e4 c5 2. Nf3 d6 3. d4 cxd4 4. Nxd4 Nf6 5. Nc3 g6 6. f4 Bg7 7. e5 Nh5 8. Bb5+
Bd7 9. e6 fxe6 10. Nxe6 Bxc3+ 11. bxc3 Qc8 12. Qd3 Bxb5 13. Qxb5+ Nd7 14. O-O
a6 15. Qe2 Nf8 16. Ng5 Nf6 17. Re1 Qd7 18. c4 h6 19. Bb2 hxg5 20. Bxf6 Rh7 21.
Bxg5 Rc8 22. Rab1 e6 23. Qd3 Qc7 24. Re4 Qc5+ 25. Kh1 d5 26. Rxe6+ Nxe6 27.
Qxg6+ Kf8 28. Qxh7 Qc7 29. Qh8+ Kf7 30. Qf6+ 1-0

[Event "XtraCon-Skakligaen"]
[Site "Denmark"]
[Date "2010.03.14"]
[Round "9.6"]
[White "Hansen, Martin"]
[Black "Wiwe, Andreas"]
[Result "0-1"]
[WhiteElo "2082"]
[BlackElo "2239"]
[PlyCount "86"]
[EventDate "2009.11.07"]
[EventType "team-tourn"]
[EventRounds "9"]
[WhiteTeam "Naestved"]
[BlackTeam "Jetsmark"]
[WhiteTeamCountry "DEN"]
[BlackTeamCountry "DEN"]

1. e4 c5 2. Nc3 d6 3. g3 Bd7 4. Bg2 Bc6 5. f4 e6 6. Nf3 Nf6 7. d3 Be7 8. Rb1
Nbd7 9. a3 Qc7 10. Qe2 e5 11. Bd2 a6 12. b4 b5 13. O-O cxb4 14. axb4 Bb7 15.
Nd1 O-O 16. Ne3 Rfe8 17. fxe5 dxe5 18. Nf5 Bf8 19. Ne1 Rac8 20. g4 Re6 21. g5
Ne8 22. Qf3 Nb8 23. Bh3 Rd8 24. Nh6+ gxh6 25. Bxe6 Qb6+ 26. Kh1 Qxe6 27. gxh6
Nc6 28. Rg1+ Kh8 29. Qg3 f5 30. Nf3 f4 31. Ng5 Qf6 32. Qg2 Ne7 33. Bc3 Ng6 34.
h4 Bxh6 35. Nf3 Ng7 36. h5 Nxh5 37. Qh3 Ng3+ 38. Kg2 Bg7 39. Rh1 Nxh1 40. Rxh1
h6 41. Nh2 Qg5+ 42. Kf2 Bc8 43. Qf3 Nh4 0-1

[Event "XtraCon-Skakligaen"]
[Site "Denmark"]
[Date "2010.03.14"]
[Round "9.7"]
[White "Jensen, Bjarke"]
[Black "Pedersen, Dimon Paul"]
[Result "1-0"]
[WhiteElo "2253"]
[BlackElo "2085"]
[PlyCount "71"]
[EventDate "2009.11.07"]
[EventType "team-tourn"]
[EventRounds "9"]
[WhiteTeam "Jetsmark"]
[BlackTeam "Naestved"]
[WhiteTeamCountry "DEN"]
[BlackTeamCountry "DEN"]

1. e4 c5 2. Nf3 Nc6 3. d4 cxd4 4. Nxd4 Nf6 5. Nc3 e5 6. Ndb5 d6 7. Bg5 a6 8.
Na3 b5 9. Bxf6 gxf6 10. Nd5 f5 11. c3 Bg7 12. exf5 Bxf5 13. Nc2 O-O 14. Nce3
Be6 15. Bd3 Ne7 16. Qh5 Ng6 17. O-O Rc8 18. Be4 Bxd5 19. Nxd5 Rc4 20. Qf5 Kh8
21. Ne3 Rc5 22. Rad1 Qe7 23. Rd3 Rd8 24. Rfd1 Bf8 25. Qh5 Qf6 26. Nd5 Qg7 27.
Rh3 h6 28. Qf5 Be7 29. Rg3 Bg5 30. Rxg5 hxg5 31. Qxg5 Qf8 32. Qf6+ Kg8 33. Bxg6
fxg6 34. Ne7+ Kh7 35. Qxg6+ Kh8 36. Rd3 1-0

[Event "XtraCon-Skakligaen"]
[Site "Denmark"]
[Date "2010.03.14"]
[Round "9.8"]
[White "Preuss, Flemming"]
[Black "Rathlev, Jakob"]
[Result "0-1"]
[WhiteElo "2056"]
[BlackElo "2237"]
[PlyCount "130"]
[EventDate "2009.11.07"]
[EventType "team-tourn"]
[EventRounds "9"]
[WhiteTeam "Naestved"]
[BlackTeam "Jetsmark"]
[WhiteTeamCountry "DEN"]
[BlackTeamCountry "DEN"]

1. f4 c5 2. d3 g6 3. Nf3 Bg7 4. g3 Nc6 5. Bg2 e6 6. e4 Nge7 7. O-O O-O 8. Nc3
d6 9. Be3 Nd4 10. Qd2 Qc7 11. Nd1 Bd7 12. Ne1 f5 13. c3 Ndc6 14. Nf3 b6 15. Bf2
Kh8 16. Ne3 Rae8 17. exf5 gxf5 18. d4 cxd4 19. cxd4 d5 20. Rac1 Qd6 21. Rfd1
Ng8 22. Ne5 Nf6 23. Be1 Rc8 24. Rc3 Kg8 25. Rdc1 Ne4 26. Bxe4 dxe4 27. Rd1 b5
28. b3 Rfd8 29. Rcc1 Be8 30. Kg2 Bh5 31. g4 fxg4 32. Bg3 Ne7 33. Rxc8 Rxc8 34.
d5 Rd8 35. Qa5 Nxd5 36. Nxd5 exd5 37. Qxb5 Bxe5 38. fxe5 Qe6 39. Rf1 a6 40. Qa5
Rf8 41. Rxf8+ Kxf8 42. Qd8+ Kg7 43. Qc7+ Qf7 44. Qxf7+ Kxf7 45. Bf2 Ke6 46. Bd4
Kf5 47. Kg3 Be8 48. e6 h5 49. e7 h4+ 50. Kf2 Kf4 51. Be3+ Ke5 52. Bg5 d4 53.
Bxh4 e3+ 54. Ke1 d3 55. Bg5 Ke4 56. a4 d2+ 57. Ke2 Bh5 58. e8=Q+ Bxe8 59. Bxe3
d1=Q+ 60. Kxd1 Kxe3 61. Ke1 a5 62. Kf1 Kf3 63. Kg1 Bf7 64. h4 gxh3 65. Kh2 Kg4
0-1